| 000 | 00960nam a22002897a 4500 | ||
|---|---|---|---|
| 001 | 7779 | ||
| 003 | FISKH | ||
| 005 | 20260319091926.0 | ||
| 008 | 250806b cb ||||| |||| 00| 0 eng d | ||
| 020 | _a400830100183 | ||
| 040 |
_aFISKH _beng _cFISKH _dFISKH |
||
| 050 | _aPZ10.B7656 R | ||
| 082 | _a823.9 | ||
| 100 | _aBrown, Margaret Wise | ||
| 245 |
_aThe runaway Bunny / _cby Margaret Wise Brown ; Pictures by Clement Hurd |
||
| 250 | _aThis edition published in 1972 | ||
| 260 |
_aNew York : _bHarper Collins, _c1942 |
||
| 300 |
_a36 unnumbered pages : _bcolor illustrations ; _c18 x 21 cm |
||
| 505 | _aO | ||
| 520 | _aA little rabbit who wants to run away tells his mother how he will escape, but she is always right behind him. | ||
| 521 | 8 |
_a600
_bLexile AD |
|
| 521 | 8 |
_aO
_bRaz-Plus |
|
| 650 |
_aAnimals _vBoard Book _xBunnies _yPicture book |
||
| 700 |
_aHurd, Clement _eillustrator |
||
| 942 |
_2ddc _cBK _n0 |
||
| 999 |
_c7779 _d7779 |
||